ゴールデンカムイ 刺青囚人 - Statistics

General Stats
  • This quiz has been taken 9 times
  • The average score is 9 of 24
Answer Stats
Hint Answer % Correct
準レギュラー・ネタ枠 白石由竹
88%
新撰組・鬼の副長 土方歳三
75%
悪夢の熊撃ち 二瓶鉄造
63%
硫黄山の天狗 都丹庵士
63%
ボータロー 大沢房太郎
63%
不敗の柔道家 牛山辰馬
50%
快楽殺人鬼・特殊 辺見和雄
50%
同物同治主義者 家永カノ
50%
杉元が最初に接触した 後藤竹千代
38%
天才結婚詐欺師 鈴川聖弘
38%
豪運(?)の看守 門倉利運
38%
ヤクザの親分 若山輝一郎
25%
稲妻強盗 坂本慶一郎
25%
大先生 姉畑支遁
25%
良い良い良いッ 岩息舞治
25%
虚言癖の三つ編み 上エ地圭二
25%
33人殺した凶悪囚人 津山睦雄
25%
茨戸の刺青人皮 宝井哲夫
25%
夕張炭鉱の囚人 船橋荘六
25%
坊主尾形に射殺された 笹原勘次郎
13%
人斬り用一郎 土井新蔵
13%
阿寒湖の毒物獣医 関谷輪一郎
13%
多重人格者のカニバリズマー 松田平太
13%
外国出身の唯一囚人 マイケル・オストログ
13%
No matching quizzes found
Score Distribution
Percent of People with Each Score
Percentile by Number Answered
Your Score History
You have not taken this quiz